Statistics for 20 World Capitals closest to 180º Meridian, with Map

Click here to take the quiz!

General Stats

  • This quiz has been taken 59 times
  • The average score is 13 of 20

Answers on the Map

Answers color-coded by a green-red scale on the quiz's map according to % correct below.
Loading ...
 

Answer Stats

D (km)Capital% Correct
2,759 Canberra
96%
437 Wellington
96%
3,532 Tokyo
89%
3,598 Port Moresby
83%
164 Suva
83%
889 Apia
80%
2,200 Honiara
76%
1,237 Port Vila
74%
781 South Tarawa
72%
88 Funafuti
70%
2,412 Palikir
70%
498 Nukuʻalofa
69%
1,455 Yaren
67%
952 Majuro
63%
2,887 Reykjavík
46%
3,357 Oslo
43%
3,329 Helsinki
41%
3,422 Stockholm
41%
3,410 Tallinn
39%
3,688 Riga
35%

Score Distribution

Percentile by Number Answered

Percent of People with Each Score

Your Score History

You have not taken this quiz